00495nam a2200193 a 4500001001300000003000900013005001700022008004100039020001000080082001400090100001900104245003900123260004800162300000800210500003500218505001300253650001600266700001900282nice12345678IN_TiNIC20260116011427.0050524s1939 laha grp 000 0 urd  ac10000a239bBAR6 aBarkatullah, P aTauzih-Al-Bayan Fi Usul-Al-Qur`an. aLahorebPunjab Religious Booksociety c1939 a94p aincludes index and biblioraphy2 aArchives aApologetics1 aBarkatullah, P